Svět ... ročenka

Bibliographic Details
Previous Title:Mezinárodní vztahy ... (ročenka)
Format: Serial
Language:Czech
PhysicalDescription:23 zv.
Published: Praha Svoboda 1967-1989
ISSN:0543-7970
Subjects:

MARC

LEADER 00000cas a2200000 a 4500
001 vtls001223528
003 SK-MaSNL
005 20260228163504.0
008 180129d19671989xr ar 0 0b0cze c
035 |a SNK000169665 
040 |a SNK  |b slo  |c SNK  |e AACR2 
041 0 |a cze 
044 |a xr  |c CZ 
072 7 |a 32  |x Politika  |2 konspekt 
072 7 |a 33  |x Ekonómia  |2 konspekt 
072 7 |a 341  |x Medzinárodné právo  |2 konspekt 
080 |a 32  |2 2011 
080 |a 33  |2 2011 
080 |a 327  |2 2011 
080 |a 050  |2 2011 
080 |a 341.221.4  |2 2011 
080 |a (058)  |2 2011 
245 0 0 |a Svět ...  |b ročenka 
260 |a Praha  |b Svoboda  |c 1967-1989 
300 |a 23 zv. 
310 |a 1x ročne 
362 0 |a 1966-1987  |z SKP 
500 |a Ročenka vychádzala za predchádzajúce roky, napr. za rok 1987 vyšla v roku 1989 
500 |a Súčasťou názvu je označenie roka 
550 |a Ďalší vydavatelia: Ústav pro mezinárodní politiku a ekonomii ; Ústav mezinárodních vztahů 
650 0 7 |a politika  |2 SNKPH  |9 968 
650 0 7 |a ekonomika  |2 SNKPH  |9 789 
650 0 7 |a medzinárodné vzťahy  |2 SNKPH  |9 3690 
650 0 7 |a zahraničná politika  |2 SNKPH  |9 971 
655 7 |a ročenky  |2 SNKPH  |9 57146 
780 0 0 |t Mezinárodní vztahy ... (ročenka)  |x 0543-7970 
910 |a snk 
999 |c 9563  |d 11493 
952 |0 0  |1 0  |4 0  |7 0  |8 1  |a SNK  |b SNK  |d 2001-05-14  |i snkD 653/2001  |l 0  |o snkČSC 1469/1977  |p 17A0300298  |r 2005-01-01 00:00:00  |w 2026-02-21  |y PREZ